| 000 | 01755nam a2200529 i 4500 | ||
|---|---|---|---|
| 001 | 24599 | ||
| 003 | KOSZ 005 | ||
| 005 | 20220428115300.0 | ||
| 008 | 970629s1993 pl a f f |001 0 pol | ||
| 015 | _aUWD 1993/8056 | ||
| 020 | _a8301093226 | ||
| 020 | _a8301093234 | ||
| 035 | _a991000778709705066 | ||
| 035 | _a(PL-WaBN)b10246769-48omnis_nlop | ||
| 035 | _ab10246769 | ||
| 035 | _a(OCoLC)830055169 | ||
| 035 | _azz2006970349 | ||
| 035 | _a(PL)b0000001024676 | ||
| 035 | _a(EXLNZ-48OMNIS_NETWORK)9910370357205606 | ||
| 040 |
_aWA N _cWA N _dWA N _dKOSZ 005/HR |
||
| 041 | 1 |
_apol _heng |
|
| 046 | _k1963 | ||
| 080 | _a53 | ||
| 080 | _a(075.8) | ||
| 100 | 1 |
_aResnick, Robert _d(1923-2014) _eAutor |
|
| 245 | 1 | 0 |
_aFizyka. _nT. 1 / _cRobert Resnick, David Halliday ; [z ang. tł. Wojciech Ratyński, Teresa Kaniowska]. |
| 246 | 1 |
_iTyt. oryg.: _aPhysics |
|
| 250 | _aWyd. 9. | ||
| 260 |
_aWarszawa : _bWydawnictwo Naukowe PWN, _c1993. |
||
| 300 |
_a701, [2] s. : _bfot., rys., wykr. ; _c24 cm. |
||
| 336 |
_aTekst _btxt _2rdacontent |
||
| 337 |
_aBez urządzenia pośredniczącego _bn _2rdamedia |
||
| 338 |
_aWolumin _bnc _2rdacarrier |
||
| 380 | _aKsiążki | ||
| 388 | _a1901-2000 | ||
| 504 | _aIndeksy. | ||
| 650 | 7 |
_aFizyka _2DBN |
|
| 655 | 7 |
_aPodręczniki akademickie _2DBN |
|
| 658 | _aFizyka i astronomia | ||
| 700 | 1 |
_aHalliday, David _d(1916-2010) _eAutor |
|
| 700 | 1 |
_aKaniowska, Teresa _eTłumaczenie |
|
| 700 | 1 |
_aRatyński, Wojciech _d(1932-2007) _eTłumaczenie |
|
| 710 | 2 |
_aWydawnictwo Naukowe PWN _4pbl |
|
| 856 |
_uhttp://koha.tu.koszalin.pl/cgi-bin/koha/opac-detail.pl?biblionumber=24599 _yKatalog online BPK |
||
| 942 |
_2UKD _cKS |
||
| 999 |
_c24599 _d24599 |
||